Timeline of Ages - Statistics

General Stats
  • This quiz has been taken 892 times
  • The average score is 4 of 9
Answer Stats
Hint Answer % Correct
3 300 BC - 1 200 BC Bronze Age
81%
1 200 BC - 550 BC Iron Age
78%
476 - 1453 Middle Ages
62%
9 000 BC - 3 000 BC Neolithic
44%
3.3 M - 10 000 BC Paleolithic
38%
3 000 BC - 476 AD Ancient History
28%
13 000 BC - 9 000 BC Mesolithic
24%
1453 - 1789 Early Modern Period
17%
1789 - Present Late Modern Period
8%
No matching quizzes found
Score Distribution
Percent of People with Each Score
Percentile by Number Answered
Your Score History
You have not taken this quiz